| 000 | 01494nam0a2200373 4500 | ||
|---|---|---|---|
| 001 | RU\NLR\BIBL_A\011135365 | ||
| 005 | 20250625210134.0 | ||
| 010 | _a978-5-9651-0838-1 | ||
| 021 |
_aRU _b2016-29758 _91920 |
||
| 035 | _a(NILC)RuMoRGB-008277251 | ||
| 035 | _a(NLR Aleph) 011135365 | ||
| 090 |
_a11591655 _c11591655 |
||
| 100 | _a20160525d2014 |||y0rusy50 ca | ||
| 101 | 0 | _aeng | |
| 102 | _aRU | ||
| 105 | _aa z 101yy | ||
| 200 | 1 |
_aInternational symposium on the reactivity of solids _eISRS-18 _e9-13 June 2014, Saint Peterburg, Russia _ebook of abstacts _f[ed. by Nikita A. Kuznetsov] |
|
| 210 |
_aSaint Peterburg _cSaint Peterburg state univ. _dcop. 2014 |
||
| 215 |
_a306 с. _cил. _d29 |
||
| 300 | _aВ надзаг.: Saint Peterburg state univ. | ||
| 320 | _aБиблиогр. в конце докл. | ||
| 320 | _aУказ.: с. 299-306 | ||
| 517 | 1 | _aISRS-18 | |
| 606 |
_aХимические реакции в твердой фазе _jТезисы докладов _91640805 _3RU\NLR\AUTH\661023805 |
||
| 675 | _a539.2/.6 | ||
| 686 | 1 | _aГ542.4я431(0) | |
| 702 | 1 |
_aKuznecov _bN.A. _gNikita Alekseevič _4340 |
|
| 711 | 1 | 2 |
_7ba _8eng _aInternational symposium on the reactivity of solids _d18 _eSaint-Petersburg _f2014 _9519292 _3RU\NLR\AUTH\880427351 |
| 801 | 0 |
_aRU _bРГБ _c20160412 _gRCR |
|
| 830 | _aХимические реакции в твердых телах | ||
| 942 | _cBOOK | ||
| 980 | _aNB | ||